000 00451nmm a2200157Ia 4500
008 251105s9999||||xx |||||||||||||||||und||
041 _aspa
100 _aEsquinca, Jorge
245 0 _aPaso de ciervo
264 _a[México D.C., Mexico] :
_bFondo de Cultura Económica,
_c2016
300 _a210 páginas
490 _aLetras Mexicanas
650 _aLatin American poetry
856 _uhttps://public.digitaliapublishing.com/a/64932
942 _cCF
999 _c99791
_d99791